| 000 | 00987cam a22003137a 4500 | ||
|---|---|---|---|
| 003 | CHAP | ||
| 005 | 20220817043702.0 | ||
| 008 | 000620d1997 uk r 00110 eng d | ||
| 010 | _a81631 | ||
| 011 | _a82603 | ||
| 020 | _a0582259061 | ||
| 035 | _a93102 | ||
| 040 | _cCHAP | ||
| 082 | 0 | 4 |
_a338.9 _bB5 |
| 100 | 0 | 0 |
_aBowers, John _eed. _914829 |
| 245 | 1 | 0 |
_aSustainability and environmental economics : _ban alternative text _c/ by John Bowers |
| 260 |
_aEssex, England : _bLongman, _c1997. |
||
| 300 | _a238 p. | ||
| 590 |
_aBATCH-UPD _b10 _c20130110 _lUCH01 _h0810 |
||
| 590 |
_aBATCH-UPD _b10 _c20130410 _lUCH01 _h0447 |
||
| 590 |
_aBATCH-UPD _b10 _c20130914 _lUCH01 _h0745 |
||
| 590 |
_aCONVERSION _b10 _c20130109 _lUCH01 _h1345 |
||
| 650 | 1 | 4 | _aDesarrollo sustentable. |
| 650 | 1 | 4 |
_aMedio ambiente _xContaminación. _974069 |
| 901 | _aBK | ||
| 905 | _aMayto Villalobos S. | ||
| 942 | _cLIBRO | ||
| 949 |
_a338.9 B5 _bBC _cLIBRO _d33724000793782 _eLIBRO _gI.205564 _h98231 _i93102 _si _t$1104. |
||
| 999 |
_c81631 _d81631 |
||